000 00442nam a2200169Ia 4500
999 _c6367
_d6367
020 _a9780745641805
082 _a384.3095 HAS-I
100 _aHassan, Robert
245 0 _aInformation society
260 _aCambridge
_bPolity Press
_c2008
300 _axiii, 266
440 _aDigital media and society series
504 _aincludes bibliography, glossary and index
650 _aInformation Society
650 _aMass Media
942 _cBK